Patología vascular cerebral / (Record no. 30274)

MARC details
000 -LEADER
campo de control de longitud fija 00716nam a2200229 i 4500
001 - NÚMERO DE CONTROL
campo de control 30274
003 - IDENTIFICADOR DE NÚMERO DE CONTROL
campo de control ES-MaACL
005 - FECHA Y HORA DE LA ÚLTIMA TRANSACCIÓN
campo de control 20230906154151.0
007 - CAMPO FIJO DE DESCRIPCIÓN FÍSICA--INFORMACIÓN GENERAL
campo de control de longitud fija t|
008 - DATOS DE LONGITUD FIJA--INFORMACIÓN GENERAL
campo de control de longitud fija 030124s1975 sp ||||1| spa d
100 1# - ENTRADA PRINCIPAL--NOMBRE DE PERSONA
Nombre de persona Barraquer Bordas, L.
9 (RLIN) 25855
245 10 - MENCIÓN DEL TÍTULO
Título Patología vascular cerebral /
Mención de responsabilidad, etc. L. Barraquer Bordas, Josep M. Grau i Veciana, Jaume Pere i Serra.
250 ## - MENCION DE EDICION
Mención de edición 1ª ed. reimp.
260 ## - PUBLICACIÓN, DISTRIBUCIÓN, ETC.
Lugar de publicación, distribución, etc. Barcelona :
Nombre del editor, distribuidor, etc. Ediciones 62,
Fecha de publicación, distribución, etc. [1975]
300 ## - DESCRIPCIÓN FÍSICA
Extensión 202 P. :
Otras características físicas il. ;
Dimensiones 20 cm.
490 1# - MENCIÓN DE SERIE
Mención de serie Monografies mèdiques
700 0# - ENTRADA AGREGADA--NOMBRE PERSONAL
Nombre de persona Grau Veciana, J. M.
9 (RLIN) 59760
700 0# - ENTRADA AGREGADA--NOMBRE PERSONAL
Nombre de persona Peres Serra, J.
9 (RLIN) 90531
830 0# - PUNTO DE ACCESO ADICIONAL DE SERIE-TÍTULO UNIFORME
Título uniforme Monografies mèdiques
9 (RLIN) 181329
852 ## - LOCALIZACIÓN
Ubicación ES-MaACL
Número de control de estantería E-8648
Sublocalización o colección R.93078
Holdings
Estatus retirado Estado de pérdida Estado de daño No para préstamo Biblioteca de origen Biblioteca actual Ubicación en estantería Fecha de adquisición Fuente de adquisición Total de préstamos Signatura topográfica completa Código de barras Visto por última vez Precio de reemplazo Tipo de ítem Koha
        Biblioteca del Ateneo de Madrid Biblioteca del Ateneo de Madrid Depósito 2 17/01/2008     E-8648 1031253 23/02/2023 23/02/2023 Libro impreso